Jon Pardi Charting Songs (Billboard Hot 100) - Statistics

General Stats
  • This quiz has been taken 69 times
    40 since last reset
  • The average score is 5 of 11
Answer Stats
Album Weeks On Peak Artist(s) Song % Correct
Heartache Medication 20 Weeks #42 Jon Pardi Heartache Medication
89%
California Sunrise 20 Weeks #37 Jon Pardi Dirt On My Boots
64%
California Sunrise 24 Weeks #51 Jon Pardi Head Over Boots
64%
California Sunrise 18 Weeks #47 Jon Pardi Heartache on the Dance Floor
64%
California Sunrise 16 Weeks #56 Jon Pardi Night Shift
53%
Heartache Medication 14 Weeks #60 Jon Pardi Tequila Little Time
36%
Heartache Medication 18 Weeks #55 Jon Pardi Ain't Always the Cowboy
33%
Center Point Road 18 Weeks #36 Thomas Rhett ft. Jon Pardi Beer Can't Fix
33%
Mr. Saturday Night 20 Weeks #27 Jon Pardi Last Night Lonely
31%
Mr. Saturday Night 17 Weeks #47 Jon Pardi Your Heart or Mine
31%
Write You a Song 13 Weeks #56 Jon Pardi Up All Night
28%
No matching quizzes found
Score Distribution
Percent of People with Each Score
Percentile by Number Answered
Your Score History
You have not taken this quiz since the last reset